BIBLIOTHÈQUE DE LA MAISON DU MEXIQUE

Logo 1 Logo 2

La desaparición de Fabricio Montesco (notice nᵒ 893)

détails MARC
000 -Sello discográfico
campo de control de longitud fija 00857nam a2200289 4500
005 - Identificación de versión
campo de control 20251017062751.0
035 ## - Otros números de control del sistema
Número de control del sistema 21263
099 ## - fechas locales
Tipo de ítem Koha LIBRO
100 ## - Datos de procesamiento general
Datos de procesamiento general 19960722d1977 m y1spay5003 ba
105 ## - Campo de datos codificados: Material textual, monográfico
Datos codificados de monografía y 001ay
200 1# - Título y mención de responsabilidad
Título propio La desaparición de Fabricio Montesco
Designación general del material texto impreso
Primer mención de responsabilidad Marco Antonio Campos
205 ## - Declaración de edición
Declaración de edición 1a ed
210 ## - Publicación, distribución, etc.
Lugar de publicación, distribución, etc. México
Nombre del editor, distribuidor, etc. Editorial Joaquín Mortiz
Fecha de publicación, distribución, etc. 1977
215 ## - Descripción física
Designación de material específico y extensión del ítem 100 p
Dimensiones 20 cm
345 ## - Nota de información de adquisición
Fuente de adquisición/dirección de la suscripción [OBSOLETO] Donación Marco Antonio Campos
410 #1 - Series
Título Nueva Narrativa Hispánica
606 ## - Término temático usado como materia
Elemento de entrada Cuentos mexicanos
Subdivisión cronológica Siglo XX
Número Koha 81
660 ## - Código de área geográfica
Código MX
700 ## - Nombre personal - Responsabilidad primaria
Elemento de entrada Campos Álvarez Tostado
Parte del nombre distinta del elemento de entrada Marco Antonio Francisco
Fechas 1949-
Número Koha 1311
801 #0 - Fuente de origen
Agencia cm
900 ## -
-- 1/12560
900 ## -
-- 710962053\\220796
942 ## - ELEMENTOS DE ENTRADA SECUNDARIOS (KOHA)
Tipo de ítem Koha Livre
996 ## -
-- MEX
-- 751145101
-- MMAG
-- 006164
-- 863.4 C345DE
-- 20220225LIV
Exemplaires
Estatus retirado Estado de daño Estado de pérdida Fecha de adquisición Biblioteca de origen Biblioteca actual Ubicación en estantería Código de barras Precio de reemplazo Signatura topográfica completa No para préstamo Tipo de ítem Koha Nota pública Nota no pública
      05/08/2025 Casa México Paris Casa México Paris   006164 05/08/2025 863.4 C345DE   Livre 20220225LIV 751145101